Fichas nemotécnicas de anatomía (Registro nro. 12389)
[ vista simple ]
| 000 -CABECERA | |
|---|---|
| campo de control de longitud fija | 00940nam a22003137a 4500 |
| 005 - FECHA Y HORA DE ACTUALIZACIÓN | |
| campo de control | 20191008134619.0 |
| 008 - LONGITUD FIJA | |
| campo de control de longitud fija | 190722b xxu||||| |||| 00| 0 spa d |
| 020 ## - INTERNATIONAL STANDARD BOOK NUMBER | |
| Número Internacional Estándar del Libro | 9789583022074 |
| 041 ## - IDIOMA | |
| Código de idioma del texto/pista de sonido o título separado | |
| 082 ## - CLASIFICACIÓN DECIMAL DEWEY | |
| Número de clasificación | Fichas nemotécnicas de anatómía |
| 245 ## - TÍTULO PROPIAMENTE DICHO | |
| Título | Fichas nemotécnicas de anatomía |
| 260 ## - PIE DE IMPRENTA | |
| Lugar de publicación, distribución, etc. | Costa Rica |
| 260 ## - PIE DE IMPRENTA | |
| Nombre del editor, distribuidor, etc. | Estados Unidos |
| 260 ## - PIE DE IMPRENTA | |
| Fecha de publicación, distribución, etc. | 2017 |
| 505 ## - Nota de Contenido | |
| Nota de contenido | Contiene 264 fichas a todo color |
| 650 ## - Materia General | |
| Materia general | MATERIAL DIDÁCTICO |
| 650 ## - Materia General | |
| Materia general | FICHAS DE ANATOMÍA |
| 650 ## - Materia General | |
| Materia general | SISTEMA ESQUELÉTICO |
| 650 ## - Materia General | |
| Materia general | SISTEMA MUSCULAR |
| 650 ## - Materia General | |
| Materia general | SISTEMA NERVIOSO |
| 650 ## - Materia General | |
| Materia general | SISTEMA LINFÁTICO |
| 650 ## - Materia General | |
| Materia general | SISTEMA CIRCULATORIO |
| 650 ## - Materia General | |
| Materia general | SISTEMA RESPIRATORIO |
| 650 ## - Materia General | |
| Materia general | SISTEMA URINARIO |
| 650 ## - Materia General | |
| Materia general | SISTEMA DIGESTIVO |
| 650 ## - Materia General | |
| Materia general | SISTEMA REPRODUCTIVO |
| 650 ## - Materia General | |
| Materia general | SISTEMA ENDOCRINO |
| 942 ## - Punto de Acceso Adicional Koha | |
| Tipo de ítem Koha | Material didáctico |
| Estado perdido | Estado dañado | No para préstamo | Biblioteca permanente | Biblioteca actual | Signatura completa | Código de barras | Tipo de ítem | Precio efectivo a partir del |
|---|---|---|---|---|---|---|---|---|
| Departamento de Biblioteca y Documentación Alfonso Chase Brenes | Departamento de Biblioteca y Documentación Alfonso Chase Brenes | Fichas nemotécnicas de anatómía | 9789583022007401 | Material didáctico | ||||
| Departamento de Biblioteca y Documentación Alfonso Chase Brenes | Departamento de Biblioteca y Documentación Alfonso Chase Brenes | Fichas nemotécnicas de anatómía | 9789583022007402 | Material didáctico | 08/10/2019 |